Pricing policies for public enterprises (Record no. 28189)

MARC details
000 -LEADER
fixed length control field 00277nam a2200109Ia 4500
082 ## - DEWEY DECIMAL CLASSIFICATION NUMBER
Classification number 338.53
Item number WEB
100 ## - MAIN ENTRY--AUTHOR NAME
Personal name WEBB, M G
245 #0 - TITLE STATEMENT
Title Pricing policies for public enterprises
260 ## - PUBLICATION, DISTRIBUTION, ETC. (IMPRINT)
Place of publication London
Name of publisher Macmillan
Year of publication 1976
942 ## - ADDED ENTRY ELEMENTS (KOHA)
Koha item type Books
Holdings
Withdrawn status Lost status Damaged status Not for loan Home library Current library Date acquired Full call number Accession Number Koha item type
        RRII Library RRII Library 16/12/2021 338.53 WEB 08797 Books